| 000 | 00587nam a2200193Ia 4500 | ||
|---|---|---|---|
| 003 | GCL | ||
| 008 | 140319s9999 xx 000 0 eng d | ||
| 040 |
_aGCL / _cGCL |
||
| 082 | 0 | 4 |
_a759.047 _bC A |
| 100 | 1 | _aCRASKE, MATHEW | |
| 245 | 1 | 0 |
_aART IN EUROPE 1700 - 1830: A HISTORY OF THE VISUAL ARTS IN AN ERA OF UNPRECEDENTAL URBAN ECONOMIC GROWTH / _cCRASKE, MATHEW |
| 260 |
_a[S.N] : _bOXFORD UNIVERSITY PRESS ، _c1997 |
||
| 300 | _a320 P | ||
| 650 | 0 | 4 | _aEUROPE - PAINTING |
| 650 | 0 | 4 | _aARTS |
| 650 | 0 | 4 | _aEUROPE - PAINTERS |
| 650 | 0 | 4 | _aARTS - HISTORY - EUROPE |
| 942 |
_2ddc _cBK |
||
| 999 |
_c16253 _d16253 |
||